II-III Informe del Estado de Costa Rica sobre el cumplimiento de la CEDAW - abril de 1998-marzo de 2002
Na minha lista:
| Formato: | Livro |
|---|---|
| Idioma: | Spanish |
| Publicado em: |
San José, Costa Rica :
[productor no identificado] ,
2003
|
| Assuntos: | |
| Tags: |
Adicionar Tag
Sem tags, seja o primeiro a adicionar uma tag!
|
MARC
| LEADER | 00000nam a2200000Ia 4500 | ||
|---|---|---|---|
| 008 | 180926b2003 cr ||||| |||| 00| | spa d | ||
| 999 | |c 2471 |d 2471 | ||
| 090 | |a CD #206 | ||
| 245 | 1 | 7 | |a II-III Informe del Estado de Costa Rica sobre el cumplimiento de la CEDAW - abril de 1998-marzo de 2002 |
| 260 | |a San José, Costa Rica : |b [productor no identificado] , |c 2003 | ||
| 300 | |a 1 disco compacto | ||
| 500 | |a Cedaw - Costa Rica : Convención sobre la eliminación de todas las formas de discriminación contra la mujer | ||
| 650 | 1 | 4 | |a DISCRIMINACIÓN BASADA EN EL GÉNERO |9 896 |
| 650 | 1 | 4 | |a DERECHOS DE LA MUJER |9 84 |
| 650 | 1 | 4 | |a IGUALDAD DE GÉNERO |9 956 |
| 651 | 1 | 4 | |a COSTA RICA |9 47 |
| 942 | |i 002398 |h CD #206 |2 z |c 08 | ||
